000 00381nam a2200133Ia 4500
005 20260328101527.0
008 260328s9999||||xx |||||||||||||| ||und||
100 _aBuitrago Gómez, Pablo
245 0 _aCasas Modernas en Cali :
_b Modelos y Paradigmas (1936-1972) /
_cPablo Buitrago Gómez
260 _bUniversidad del Valle
300 _a181 p.
650 _aVIVIENDA
942 _cBK
999 _c9846
_d9846